Normal view
MARC view
- WASIF DILDAR IZHARULHAQ ABUBAKAR HANIF MUHAMMAD UMER
Entry Personal Name
001 - CONTROL NUMBER
- control field: 122818
003 - CONTROL NUMBER IDENTIFIER
- control field: NUST
005 - DATE AND TIME OF LATEST TRANSACTION
- control field: 20240521203334.0
008 - FIXED-LENGTH DATA ELEMENTS
- fixed length control field: 240521|| aca||aabn | a|a d
040 ## - CATALOGING SOURCE
- Original cataloging agency: NUST
- Transcribing agency: NUST
100 ## - HEADING--PERSONAL NAME
- Personal name: WASIF DILDAR IZHARULHAQ ABUBAKAR HANIF MUHAMMAD UMER
670 ## - SOURCE DATA FOUND
- Source citation: Work cat.: (NUST): WASIF DILDAR IZHARULHAQ ABUBAKAR HANIF MUHAMMAD UMER , PR-SOF-2307-Design and Fabrication of an E-Bicycle Conversion Kit, 2023.
